000 00323nam a22001337a 4500
008 250106b |||||||| |||| 00| 0 eng d
020 _a9780273708780
050 _aHD30.28
_b.K63
100 _aKOCH, Richard
245 _aSimply Strategy
260 _aGreit Britain
_bPrentice Hall
_c2006
300 _axiv,210p
942 _cBK
999 _c1876
_d1876